Spain Country Quiz (difficult) - Statistics

General Stats
  • This quiz has been taken 31 times
  • The average score is 7 of 15
Answer Stats
Question Answer % Correct
What are the three biggest cities in Spain (by population) Madrid, Barcelona, Valencia
100%
What is Spain's typical dance? Flamenco
85%
When was the spanish civil war? 1936
77%
When did Spain join the EU? 1986
62%
When did it become said system? 1978
58%
Who was the last King before said war? Alfonso XIII
58%
How many provinces in Spain? 50
46%
Apart from Franco, what other dictators did Spain have? (surname) Primo de Rivera, Espartero, Narvaez, Serrano, Berenguer
46%
What was Spain's previous currency? Pesetas
42%
During who's reign was the Spanish Empire at it's prime? Felipe II
35%
Who made guitars sing? Paco de Lucia
35%
What is Spain's political system? Constitutional monarchy
31%
What is Madrid's typical dance? chotis
27%
In which area of medicine, is Spain the leader of? Transplants
27%
Who invented the submarine? Isaac Peral
19%
No matching quizzes found
Score Distribution
Percent of People with Each Score
Percentile by Number Answered
Your Score History
You have not taken this quiz